Effectiveness of Teaching Programme on Knowledge regarding Pubertal changes among Pre-pubertal Girls in seleced Rular School (Record no. 251355)

MARC details
000 -LEADER
fixed length control field 00459pam a2200157a 44500
008 - FIXED-LENGTH DATA ELEMENTS--GENERAL INFORMATION
fixed length control field 230405s xxu||||| |||| 00| 0 eng d
082 ## - DEWEY DECIMAL CLASSIFICATION NUMBER
Classification number
Item number LUK
100 ## - MAIN ENTRY--PERSONAL NAME
Personal name Lukose,Sini
245 ## - TITLE STATEMENT
Title Effectiveness of Teaching Programme on Knowledge regarding Pubertal changes among Pre-pubertal Girls in seleced Rular School
260 ## - PUBLICATION, DISTRIBUTION, ETC.
Place of publication, distribution, etc.
Name of publisher, distributor, etc.
Date of publication, distribution, etc.
502 ## - DISSERTATION NOTE
Dissertation note text
700 ## - ADDED ENTRY--PERSONAL NAME
Personal name Zanzane,Lina & Others
700 ## - ADDED ENTRY--PERSONAL NAME
Personal name Thushara,UK.
700 ## - ADDED ENTRY--PERSONAL NAME
Personal name Srinivasan,S.
906 ## - LOCAL DATA ELEMENT F, LDF (RLIN)
a 004018

No items available.